Hviezdoslavove sobrané spisy básnické. (Record no. 21377)
[ view plain ]
| 000 -LEADER | |
|---|---|
| fixed length control field | 01098nam a2200325 aa4500 |
| 001 - CONTROL NUMBER | |
| control field | 21377 |
| 003 - CONTROL NUMBER IDENTIFIER | |
| control field | CZ PrNK |
| 005 - DATE AND TIME OF LATEST TRANSACTION | |
| control field | 20260228114140.0 |
| 007 - PHYSICAL DESCRIPTION FIXED FIELD--GENERAL INFORMATION | |
| fixed length control field | ta |
| 008 - FIXED-LENGTH DATA ELEMENTS--GENERAL INFORMATION | |
| fixed length control field | 990309m19341937xo e 000 p slo |
| 020 ## - INTERNATIONAL STANDARD BOOK NUMBER | |
| Qualifying information | (Váz.) |
| 040 ## - CATALOGING SOURCE | |
| Original cataloging agency | ABA001 |
| Language of cataloging | cze |
| Transcribing agency | ABA001 |
| Modifying agency | ABA001 |
| 072 #7 - SUBJECT CATEGORY CODE | |
| Subject category code | 821.162.4 |
| Subject category code subdivision | Slovenská literatura |
| Source | Konspekt |
| 080 ## - UNIVERSAL DECIMAL CLASSIFICATION NUMBER | |
| Universal Decimal Classification number | 821.162.4-1 |
| Edition identifier | MRF |
| 080 ## - UNIVERSAL DECIMAL CLASSIFICATION NUMBER | |
| Universal Decimal Classification number | (0:82-13) |
| Edition identifier | MRF |
| 080 ## - UNIVERSAL DECIMAL CLASSIFICATION NUMBER | |
| Universal Decimal Classification number | (081.1) |
| Edition identifier | MRF |
| 100 1# - MAIN ENTRY--PERSONAL NAME | |
| Personal name | Hviezdoslav, Pavol Országh, |
| Dates associated with a name | 1849-1921 |
| Relationship | aut |
| 245 10 - TITLE STATEMENT | |
| Title | Hviezdoslavove sobrané spisy básnické. |
| Number of part/section of a work | Sväzok VI-VII, |
| Name of part/section of a work | Kratšia epika |
| 246 30 - VARYING FORM OF TITLE | |
| Title proper/short title | Kratšia epika - Hviezdoslavove sobrané spisy básnické |
| 246 30 - VARYING FORM OF TITLE | |
| Title proper/short title | Sobrané spisy básnické |
| 250 ## - EDITION STATEMENT | |
| Edition statement | 2. vyd. |
| 260 ## - PUBLICATION, DISTRIBUTION, ETC. | |
| Place of publication, distribution, etc. | V Turčianskom Sv. Martine : |
| Name of publisher, distributor, etc. | Pečlivosťou Matice slovenskej, |
| Date of publication, distribution, etc. | 1934-1937 |
| 300 ## - PHYSICAL DESCRIPTION | |
| Extent | 2 sv. ; |
| Dimensions | 22 cm |
| 505 0# - FORMATTED CONTENTS NOTE | |
| Formatted contents note | oddiel I. (1881-1901). 1934. 198 s. -- oddiel II. (1881-1901, 1903-1904). 1937. 171 s. |
| 655 #7 - INDEX TERM--GENRE/FORM | |
| Genre/form data or focus term | slovenská poezie |
| Source of term | czenas |
| 655 #7 - INDEX TERM--GENRE/FORM | |
| Genre/form data or focus term | epická poezie |
| Source of term | czenas |
| 655 #7 - INDEX TERM--GENRE/FORM | |
| Genre/form data or focus term | sebrané spisy |
| Source of term | czenas |
| 910 ## - USER-OPTION DATA (OCLC) | |
| User-option data | ABA001 |
| 942 ## - ADDED ENTRY ELEMENTS (KOHA) | |
| Source of classification or shelving scheme | Dewey Decimal Classification |
| Koha item type | Krásna literatúra pre dospelých |
| Suppress in OPAC | No |
| Stav vyradenia | Strata | Poškodenie | Spôsob nadobudnutia | Domovská knižnica | Aktuálna knižnica | Dátum nadobudnutia | Total checkouts | Čiarový kód exemplára | Date last seen | Typ exemplára | Verejná poznámka |
|---|---|---|---|---|---|---|---|---|---|---|---|
| Dar | Obecná knižnica Horná Štubňa | Obecná knižnica Horná Štubňa | 28.02.2026 | 4736201551 | 28.02.2026 | Krásna literatúra pre dospelých | zväzok III. kratšia epika |
